<?xml version="1.0" encoding="UTF-8"?>
<record
    xmlns:xsi="http://www.w3.org/2001/XMLSchema-instance"
    xsi:schemaLocation="http://www.loc.gov/MARC21/slim http://www.loc.gov/standards/marcxml/schema/MARC21slim.xsd"
    xmlns="http://www.loc.gov/MARC21/slim">

  <leader>01422nam a22001697a 4500</leader>
  <datafield tag="999" ind1=" " ind2=" ">
    <subfield code="c">6583</subfield>
    <subfield code="d">6583</subfield>
  </datafield>
  <controlfield tag="003">GBCCL</controlfield>
  <controlfield tag="005">20241126110606.0</controlfield>
  <controlfield tag="008">180515b           ||||| |||| 00| 0 eng d</controlfield>
  <datafield tag="040" ind1=" " ind2=" ">
    <subfield code="c">gbc</subfield>
  </datafield>
  <datafield tag="082" ind1=" " ind2=" ">
    <subfield code="a">248.240922</subfield>
    <subfield code="b">FRO</subfield>
  </datafield>
  <datafield tag="245" ind1=" " ind2=" ">
    <subfield code="a">From darkness to light : </subfield>
    <subfield code="b">twenty testimonies to the light of the Gospel /</subfield>
    <subfield code="c">Compiled by Merton B. Osborn</subfield>
  </datafield>
  <datafield tag="260" ind1=" " ind2=" ">
    <subfield code="a">Chicago:</subfield>
    <subfield code="b">Moody Press,</subfield>
    <subfield code="c">1962</subfield>
  </datafield>
  <datafield tag="300" ind1=" " ind2=" ">
    <subfield code="a">158 p.;</subfield>
    <subfield code="c">18 cm.</subfield>
  </datafield>
  <datafield tag="505" ind1=" " ind2=" ">
    <subfield code="a">The truly satisfying life / Mark O. Hatfield --
From yoga to Christ / M.G. Satyanadham --
The Mohammedo who really lives again / Alice Daniel --
Transformation of Asog / Dan Ebert --
Dark of the moon / Bob Pierce --
Why didn't your grandfather come? / J. Arthur Mouw --
Buddha couldn't help me / Anonymous --
Apostle of the bleeding feet / James Jauncey --
A completed Jew / Leonard Fromson --
I was a Roman Catholic / Ben Borders James C. Hefley --
My twenty-five years in a false religion / William H. Mastbrook --
Liberty to the captives / Luiz Cardoso --
Born to reproduce / Dawson Trotman --
The story of First Mate Bob / First Mate Bob --
Testimony of a Communist army major / John H. Muller --
The story of David Rowlands, M.D. / David Rowlands --
From darkness to light / Zella Mary Osborn --
Confession of an atheist / Ralph E. Underwood --
Objections overruled! / Allen Mayer Jack Odell --
A Jew and the name of Messiah / Daniel Rose.</subfield>
  </datafield>
  <datafield tag="650" ind1=" " ind2=" ">
    <subfield code="a">Converts</subfield>
    <subfield code="9">9262</subfield>
  </datafield>
  <datafield tag="942" ind1=" " ind2=" ">
    <subfield code="2">ddc</subfield>
    <subfield code="c">BK</subfield>
    <subfield code="0">1</subfield>
  </datafield>
  <datafield tag="952" ind1=" " ind2=" ">
    <subfield code="0">0</subfield>
    <subfield code="1">0</subfield>
    <subfield code="2">ddc</subfield>
    <subfield code="4">0</subfield>
    <subfield code="7">0</subfield>
    <subfield code="a">GBC</subfield>
    <subfield code="b">GBC</subfield>
    <subfield code="c">MNMS</subfield>
    <subfield code="d">2018-05-18</subfield>
    <subfield code="l">1</subfield>
    <subfield code="o">248.240922 FRO</subfield>
    <subfield code="p">000860</subfield>
    <subfield code="r">2025-05-01 00:00:00</subfield>
    <subfield code="s">2024-02-17</subfield>
    <subfield code="t">c.1</subfield>
    <subfield code="w">2018-05-18</subfield>
    <subfield code="y">BK</subfield>
  </datafield>
</record>
